Wappen von jedem Land der Welt - Statistiken

Allgemein
  • Dieses Quiz wurde 6.704 mal gespielt
    6.688 seit der letzten Aktualisierung
  • Das Durchschnittsergebnis liegt bei 53 aus 196
Antwortstatistiken
Bildquiz Antwort % Korrekt
Vereinigte Staaten
95%
Deutschland
84%
Schweiz
78%
Türkei
78%
Island
76%
China
75%
Portugal
74%
Österreich
73%
Kroatien
71%
Südkorea
71%
Albanien
70%
Australien
70%
Spanien
70%
Mexiko
69%
Bosnien und Herzegowina
68%
Slowakei
68%
Ägypten
66%
Irak
65%
Kosovo
64%
Libanon
64%
Malta
62%
Polen
57%
Argentinien
56%
Ecuador
54%
Kenia
54%
Slowenien
54%
Israel
52%
Russland
51%
Ungarn
51%
Vereinigte Arabische Emirate
51%
Marokko
50%
Griechenland
49%
Somalia
48%
Ukraine
48%
Nepal
47%
Nordkorea
46%
Irland
45%
Syrien
44%
Vietnam
44%
Iran
42%
Belgien
41%
Kanada
41%
Madagaskar
41%
Serbien
41%
Äthiopien
40%
Kiribati
40%
Niger
40%
Bolivien
39%
Malediven
39%
Namibia
39%
Pakistan
39%
Indien
38%
Kolumbien
38%
Neuseeland
38%
Togo
38%
Andorra
37%
Bahrain
37%
Nicaragua
37%
Panama
37%
El Salvador
36%
Taiwan
36%
Burkina Faso
35%
Dominikanische Republik
35%
Frankreich
35%
Myanmar
35%
Tansania
35%
Haiti
34%
Uruguay
34%
Philippinen
33%
Zentralafrikanische Republik
33%
Belarus
32%
Sri Lanka
32%
Tunesien
32%
Usbekistan
31%
Kuwait
30%
Vereinigtes Königreich
30%
Kamerun
29%
Peru
29%
San Marino
29%
Vatikanstadt
28%
Jemen
27%
Saudi-Arabien
27%
Belize
26%
Moldawien
26%
Afghanistan
25%
Brasilien
25%
Mosambik
25%
Tschechien
25%
Schweden
24%
Tadschikistan
24%
Turkmenistan
24%
Guinea
23%
Mongolei
23%
Thailand
23%
Venezuela
23%
Chile
22%
Italien
22%
Japan
21%
Laos
21%
Costa Rica
20%
Guatemala
20%
Mauretanien
20%
Singapur
20%
Tonga
20%
Jordanien
19%
Paraguay
19%
Aserbaidschan
18%
Bulgarien
18%
Oman
18%
Rumänien
18%
Eswatini
17%
Georgien
17%
Kasachstan
17%
Luxemburg
17%
Niederlande
17%
Katar
16%
Litauen
16%
Montenegro
16%
Simbabwe
16%
Äquatorial-Guinea
15%
Brunei
15%
Dänemark
15%
Kambodscha
15%
Norwegen
15%
Finnland
14%
Gabun
14%
Südafrika
14%
Elfenbeinküste
13%
Kirgisistan
13%
Malaysia
13%
Demokratische Republik Kongo
12%
Fidschi
12%
Libyen
12%
Liechtenstein
12%
Algerien
11%
Angola
11%
Bhutan
11%
Botswana
11%
Dominica
11%
Ghana
11%
Monaco
11%
Republik Kongo
11%
Timor-Leste
11%
Zypern
11%
Indonesien
10%
Papua-Neuguinea
10%
Sudan
10%
Antigua und Barbuda
9%
Estland
9%
Föderierte Staaten von Mikronesien
9%
Kuba
9%
Lettland
9%
Sambia
9%
Samoa
9%
Uganda
9%
Honduras
8%
Trinidad und Tobago
8%
Bahamas
7%
Eritrea
7%
Guinea-Bissau
7%
Nigeria
7%
Senegal
7%
Armenien
6%
Dschibuti
6%
Jamaika
6%
Komoren
6%
Liberia
6%
Mali
6%
Marshallinseln
6%
Nordmazedonien
6%
Palau
6%
Tschad
6%
Tuvalu
6%
Vanuatu
6%
Bangladesch
5%
Grenada
5%
Lesotho
5%
Malawi
5%
Mauritius
5%
Nauru
5%
São Tomé und Príncipe
5%
Seychellen
5%
St. Lucia
5%
St. Vincent und die Grenadinen
5%
Südsudan
5%
Barbados
4%
Benin
4%
Burundi
4%
Gambia
4%
Guyana
4%
Kap Verde
4%
Ruanda
4%
Salomonen
4%
Sierra Leone
4%
St. Kitts und Nevis
4%
Suriname
4%
Keine übereinstimmenden Quizze gefunden
Verteilung der Resultate
Anzahl Personen mit jedem Resultat
Perzentil nach korrekt beantworteten Fragen
Ihre Resultats-Entwicklung
Sie haben dieses Quiz seit der letzten Aktualisierung nicht gespielt